<?xml version="1.0" encoding="UTF-8"?>
<record
    xmlns:xsi="http://www.w3.org/2001/XMLSchema-instance"
    xsi:schemaLocation="http://www.loc.gov/MARC21/slim http://www.loc.gov/standards/marcxml/schema/MARC21slim.xsd"
    xmlns="http://www.loc.gov/MARC21/slim">

  <leader>00416nam a2200145Ia 4500</leader>
  <controlfield tag="008">230411s9999    xx            000 0 und d</controlfield>
  <datafield tag="020" ind1=" " ind2=" ">
    <subfield code="a">978-81-23927-11-4</subfield>
  </datafield>
  <datafield tag="041" ind1=" " ind2=" ">
    <subfield code="a">eng</subfield>
  </datafield>
  <datafield tag="082" ind1=" " ind2=" ">
    <subfield code="a">150/GOW/B09336</subfield>
  </datafield>
  <datafield tag="100" ind1=" " ind2=" ">
    <subfield code="a">Gowda Krishne</subfield>
    <subfield code="9">178724</subfield>
  </datafield>
  <datafield tag="245" ind1=" " ind2=" ">
    <subfield code="a">Essentials of Psychology for BSc Nursing Students</subfield>
  </datafield>
  <datafield tag="260" ind1=" " ind2=" ">
    <subfield code="b">CBS Publishers &amp; Distributors</subfield>
    <subfield code="a">New Delhi</subfield>
    <subfield code="c">2017</subfield>
  </datafield>
  <datafield tag="300" ind1=" " ind2=" ">
    <subfield code="a">346p</subfield>
  </datafield>
  <datafield tag="999" ind1=" " ind2=" ">
    <subfield code="c">158502</subfield>
    <subfield code="d">158502</subfield>
  </datafield>
  <datafield tag="952" ind1=" " ind2=" ">
    <subfield code="0">0</subfield>
    <subfield code="1">0</subfield>
    <subfield code="4">0</subfield>
    <subfield code="7">0</subfield>
    <subfield code="8">PY</subfield>
    <subfield code="a">BTIN</subfield>
    <subfield code="b">BTIN</subfield>
    <subfield code="d">2020-03-14</subfield>
    <subfield code="e">Patil Medical Book House</subfield>
    <subfield code="g">325.00</subfield>
    <subfield code="i">8923</subfield>
    <subfield code="l">8</subfield>
    <subfield code="o">150 GOW B09336</subfield>
    <subfield code="p">BTIN-BK-9336</subfield>
    <subfield code="r">2024-12-06 00:00:00</subfield>
    <subfield code="s">2024-11-29</subfield>
    <subfield code="v">221.00</subfield>
    <subfield code="w">2020-03-12</subfield>
    <subfield code="y">BK</subfield>
    <subfield code="z">B09336</subfield>
  </datafield>
  <datafield tag="952" ind1=" " ind2=" ">
    <subfield code="0">0</subfield>
    <subfield code="1">0</subfield>
    <subfield code="4">0</subfield>
    <subfield code="7">0</subfield>
    <subfield code="8">PY</subfield>
    <subfield code="a">BTIN</subfield>
    <subfield code="b">BTIN</subfield>
    <subfield code="d">2020-03-14</subfield>
    <subfield code="e">Patil Medical Book House</subfield>
    <subfield code="g">325.00</subfield>
    <subfield code="i">8923</subfield>
    <subfield code="l">6</subfield>
    <subfield code="o">150 GOW B09337</subfield>
    <subfield code="p">BTIN-BK-9337</subfield>
    <subfield code="r">2025-01-07 00:00:00</subfield>
    <subfield code="s">2025-01-02</subfield>
    <subfield code="v">221.00</subfield>
    <subfield code="w">2020-03-12</subfield>
    <subfield code="y">BK</subfield>
    <subfield code="z">B09337</subfield>
  </datafield>
</record>
